000 00663nam a22001337a 4500
003 OSt
005 20160324102325.0
008 160324b xxu||||| |||| 00| 0 eng d
040 _cRUA
082 _aAGR SEN 2005 B472 Or.1
245 _aEffect of plant spacing on chinese kale yields in crop station at royal university of agriculture, ឥទ្ធិពលចន្លោះគុម្ពលើទិន្នផលដំណាំខាត់ណាដើមនៅស្ថានីយ៍ពិសោធន៍ដំណាំនៃសាកលវិទ្យាល័យភូមិន្ទកសិកម្ម
300 _ax,52p.
_bill.
_c29cm.
942 _2ddc
_cAGR
999 _c7795
_d7795